| 000 | 00650nam a2200181 a 4500 | ||
|---|---|---|---|
| 005 | 20210219161747.0 | ||
| 008 | 130521s1997 mx r 000 0 spa d | ||
| 020 | _a9597047101(Obra general) | ||
| 020 | _a9597047128 (edit. cultura polupalar) | ||
| 020 | _a959707804X(Edic. Imagen contemporanea) | ||
| 035 | _aUPN01000191209 | ||
| 049 | _aUNE | ||
| 080 | 4 | _a92 (Varela) TOR Tomo II | |
| 100 | 1 | _aTorres-Cuevas, Eduardo | |
| 245 | 1 | 0 |
_aObras Felix Varela : _bEl que nos enseƱo primero en pensar / _cEduardo Torres-Cuevasa, Jorge Ibarra Cuesta, Mercedes Garcia Rodriguez. |
| 260 |
_aLa Habana, Cuba : _bCultura Popular, _c1997. |
||
| 300 | _a387 p. | ||
| 999 |
_c163312 _d163312 |
||